Statistiken für Machthaber zu Land

Klicken Sie hier um das Quiz zu spielen!

Allgemein

  • Dieses Quiz wurde 115 mal gespielt
  • Das Durchschnittsergebnis liegt bei 10 aus 12

Antwortstatistiken

FrageAntwort% Korrekt
Otto von BismarckDeutschland
97%
HirohitoJapan
97%
Benito MussoliniItalien
94%
Dschengis KhanMongolei
94%
Nelson MandelaSüdafrika
93%
Mehmet ll.osmanisches Reich
84%
Josip Broz TitoJugoslawien
82%
Saddam HusseinIrak
80%
Muammar al-GaddafiLibyen
79%
Alexander der GroßeGriechenland (Makedonien)
77%
Leopold ll.Belgien
61%
Idi AminUganda
55%

Verteilung der Resultate

Perzentil nach korrekt beantworteten Fragen

Anzahl Personen mit jedem Resultat

Ihre Resultats-Entwicklung

Sie haben dieses Quiz noch nicht gespielt